000 01282nac a22003610a 4500
001 PT19735
003 AR-LpoUNG
005 20210201005102.0
008 201001s1994||||ag |||||||||||||||||spa d
020 _a9502524578
_c$1.08
040 _aAR-LpoUNG
_bspa
_eaacr
041 _aspa
044 _aag
082 0 _a982.066 132lev
100 1 _aSain, Marcelo Fabián
245 1 4 _aLos levantamientos carapintada 1987-1991
250 _a1§ edición
260 _aBuenos Aires :
_bCentro Editor de América Latina,
_c1994.
300 _a241 p. :
_btbls.
_a(2
_fVolúmenes)
_3Impreso
490 0 _aLos levantamientos carapintada
505 0 _aCorresponde el N§ 463 de la colección Biblioteca Política Argentina de la editorial
520 _aOfrece una caracterización de los carapintada, las distintas corrientes políticas que se expresaron en su interior, sus objetivos políticos, sus proyecciones, su vinculación con el poder político y sus respectivos liderazgos.
650 4 _aACTIVIDAD MILITAR
650 4 _aANALISIS HISTORICO
650 4 _aARGENTINA
650 4 _aDEMOCRACIA
650 4 _aFUERZAS ARMADAS
650 4 _aGOLPES DE ESTADO
650 4 _aRELACIONES GOBIERNO FUERZAS ARMADAS
651 4 _aArgentina
905 _a19735
942 _cLIB
999 _c48399
_d48399